000 00375nam a22001457a 4500
999 _c8919
_d8919
003 GBCCL
005 20241126110701.0
008 220128b ||||| |||| 00| 0 eng d
040 _cgbc
082 _aSOU TUL
_b2019
245 _aTule phatchesa :
_bnow and then
260 _aLamka:
_bEvangelical Churches Association, ECCI,
_c2019.
300 _a289p. ;
942 _2ddc
_cARCH